| 000 | 00874nam a22003370a 4500 | ||
|---|---|---|---|
| 001 | PT62267 | ||
| 003 | AR-LpoUNG | ||
| 005 | 20210131232102.0 | ||
| 008 | 191001s2014||||sp |||||||||||||||||spa d | ||
| 020 |
_a9788476004272 _c$24.28 |
||
| 040 |
_aAR-LpoUNG _bspa _cAR-LpoUNG _eaacr |
||
| 041 | _aspa | ||
| 044 | _asp | ||
| 082 | 0 | _a410 255cur | |
| 100 | 1 | _aSaussure, Ferdinand de | |
| 245 | 1 | 0 | _aCurso de lingüística general |
| 250 | _a1ra. ed., 5ta. reimpr. | ||
| 260 |
_aMadrid : _bAkal, _c2014. |
||
| 300 |
_a319 p. : _bil. |
||
| 650 | 4 | _aCOMUNICACION | |
| 650 | 4 | _aLENGUAJE | |
| 650 | 4 | _aLINGÜISTICA | |
| 650 | 4 | _aTERMINOLOGIA | |
| 653 | _aANALISIS LINGÜISTICO | ||
| 700 | 1 |
_aArmiño, Mauro _etr. |
|
| 700 | 1 |
_aBally, Charles _eed. |
|
| 700 | 1 |
_aRiedlinger, Albert _ecol. |
|
| 700 | 1 |
_aSechehaye, Albert _eed. |
|
| 905 | _a62267 | ||
| 942 | _cLSALA | ||
| 999 |
_c13658 _d13658 |
||